| 000 | 01393nam a2200277 i 4500 | ||
|---|---|---|---|
| 003 | IT-RoINE | ||
| 005 | 20200515100911.0 | ||
| 008 | 230712s1962 it |r 1 1|| ita d | ||
| 040 |
_aBBM _cIT-RoINE _dIT-RoINE |
||
| 245 | 1 | 3 |
_aLa vita comune del clero nei secoli XI e XII : _batti della Settimana di studio: Mendola, settembre 1959. |
| 260 |
_aMilano : _bVita e Pensiero, _c1962. |
||
| 300 |
_a2 v. ; _c24 cm. |
||
| 336 |
_2rdacontent _atext |
||
| 337 |
_2rdamedia _aunmediated |
||
| 338 |
_2rdacarrier _avolume |
||
| 490 | 1 |
_aPubblicazioni dell'Università Cattolica del Sacro Cuore. _aSerie terza, _a Scienze Storiche ; _v2 |
|
| 490 | 1 |
_aPubblicazioni dell'Università Cattolica del Sacro Cuore. _aMiscellanea del Centro di Studi Medioevali ; _v3 |
|
| 500 | _aIncluye índice. | ||
| 505 | 0 | _aV. 1: Relazioni e questionario -- V. 2: Comunicazioni e indici. | |
| 650 | 4 |
_aIglesia _xHistoria _y600-1500 (Edad media) _vCongresos _952561 |
|
| 650 | 4 |
_951751 _aClero _zEuropa _xHistoria _y600-1500 (Edad media) _xCongresos |
|
| 650 | 4 |
_951749 _aMonacato y órdenes religiosas _zEuropa _xHistoria _y600-1500 (Edad media) _vCongresos |
|
| 830 | 0 |
_951709 _aPubblicazioni dell'Università cattolica del Sacro Cuore. _pMiscellanea del Centro di studi medioevali _v3 |
|
| 830 | 0 |
_951517 _aPubblicazioni dell'Università cattolica del Sacro Cuore. _pSerie terza, _pScienze storiche _v2 |
|
| 942 | _cMTS | ||
| 999 |
_c26137 _d26137 |
||